| 000 | 02727nam0a2200421 i 4500 | ||
|---|---|---|---|
| 001 | RU\NLR\BIBL_A\010739580 | ||
| 005 | 20260407084314.0 | ||
| 010 |
_a9785824318524 _91000 |
||
| 021 |
_aRU _b15-18161 |
||
| 035 | _a(NILC)LIBNET\0000529264 | ||
| 035 | _a(NLR Aleph) 010739580 | ||
| 090 |
_a9896769 _c9896769 |
||
| 100 | _a20150424d2014 km y0rusy50 ca | ||
| 101 | 0 | _arus | |
| 102 | _aRU | ||
| 105 | _aac||z|||001zd | ||
| 200 | 1 |
_aГетман П. П. Скоропадский. Украина на переломе, 1918 год _dГетьман П. П. Скоропадський. Украïна на переломi, 1918 рiк _e[сборник документов] _fФедер. арх. агентство (Рос. Федерация), Гос. арх. Рос. Федерации, Гос. арх. служба Украины, Центр. гос. арх. высш. органов власти и упр. Украины _gред. совет.: А. Н. Артизов (сопред.), Д. В. Табачник (сопред.) [и др.] _gотв. ред. и отв. сост. О. К. Иванцова _gсост.: Е. В. Балушкина [и др.] _zukr |
|
| 210 |
_aМосква _cРОССПЭН _d2014 |
||
| 215 |
_a1087 с., [4] л. ил., портр. _cпортр. _d25 |
||
| 320 | _aБиблиогр. в примеч.: с. 860-982, в тексте и в подстроч. примеч. | ||
| 320 | _aИмен. указ.: с. 1062-1076 | ||
| 320 | _aГеогр. указ.: с. 1077-1083 | ||
| 510 | 1 |
_aГетьман П. П. Скоропадський. Украïна на переломi, 1918 рiк _zukr |
|
| 517 | 1 | _aУкраина на переломе, 1918 год | |
| 600 | 1 |
_aСкоропадский _bП.П. _f1873 - 1945 _gПавел Петрович _92565350 _3RU\NLR\AUTH\661517280 |
|
| 686 |
_a63.3(4Укр)61 _vLBC/M _2rubbk |
||
| 686 | 1 | _aТ3(2Ук)52-8 | |
| 702 | 1 |
_aИванцова _bО. К. _gОльга Константиновна _4340 _4220 |
|
| 702 | 1 |
_4570 _7ca _8rus _aСкоропадский _bП. П. _cвоен. и гос. деятель _f1873-1945 _gПавел Петрович _9211172 _3RU\NLR\AUTH\770211228 |
|
| 712 | 0 | 2 |
_4570 _aГосударственный архив Российской Федерации _3RU\NLR\AUTH\8812326 _9297392 |
| 712 | 0 | 2 |
_4570 _aЦентральный государственный архив высших органов власти и управления Украины _cКиев _9462995 _3RU\NLR\AUTH\880398128 |
| 801 | 0 |
_aRU _bМурманская ГОУНБ _c20150312 _grcr |
|
| 801 | 1 |
_aRU _bМурманская ГОУНБ _c20150312 _2rusmarc |
|
| 942 | _cBOOK | ||
| 980 | _aNBR | ||